LEADER 00903nam a2200193 i 4500 001 000000218191 003 CaOOAMICUS 005 20130118000000.0 008 130118s1708 xx u000 u lat u 013 $a197088 026 $aI.a. r.to ims, pr7. (3) 1708 (R) 040 $aSeMil$bita 245 10$aTomus sextus. 300 $a[8], 376 p. 500 $aSegn. : a4 A-Y8 Z-2A6. - Legato col vol. 5. 773 0 $aMansi, Luigi $tAloysii Mansi .. Consultationum, sive Rerum judicatarum, in quibus nihil est impressum, quod prius non fuerit acerrime discussum, ac in praecipuis tribunalibus doctissimorum virorum judicio pluries confirmatum, Tomus 1. [-11.] Cum argumentis, ..$dVenetiis : Apud Paulum Balleonium, 1708.$g6$w()27935 850 $aSeMil 852 $aSeMil$W1$xVenegono$y1$m2F VI 60 FA$j168604$B168604$CSeMilBibl$Z2$F179475 $8I 996 $6245$aTomus sextus$9(OLS)http://semarc/title/303542 LEADER 01300nam a2200313 i 4500 001 000000119040 003 CaOOAMICUS 005 20220623162651.0 008 031015s2002 it u000 u ita u 013 $a91733 020 $a88-04-50398-X 040 $aSeMil$bita 100 1 $aTosatti, Marco,$d<1947- >.$0(OLS)http://semarc/name/49658 245 13$aLe nuove apparizioni :$bdove e come appare la Madonna /$cMarco Tosatti ; premessa di Luca Macario. 264 1$aMilano :$bMondadori,$c2002. 300 $a186 p. ;$c23 cm. 490 1 $aUomini e religioni. Interventi 541 0 $aFondo card. C.M. Martini (2L III 220) 650 4$aMadonna - Apparizioni.$0(OLS)http://semarc/subject/7268 700 1 $aMacario, Luca.$0(OLS)http://semarc/name/49659 830 0$aUomini e religioni. Interventi.$0(OLS)http://semarc/title/9676 850 $aSeMil 852 $aSeMil$W1$xVenegono$y1$m2L III 220$j74285$B74285$CSeMilBibl$Z2$F76622 $81 941 1 $a4 961 $aOmaggio: Martini Card. Carlo Maria 996 $6020$a88-04-50398-X$9(OLS)http://semarc/number/103792 996 $6245$aLe nuove apparizioni :$bdove e come appare la Madonna$9(OLS)http://semarc/title/174915 996 $6264$aMilano :$bMondadori$9(OLS)http://semarc/publisher/30335